Sports Quiz

Random Sports or Tennis Quiz

Sports Sorting Gallery Quiz Stats

 Plays Quiz Updated Oct 30, 2017

Score 0/55 Timer 05:00
4 Plays Today
% Correct
Blue
89.2%
Red
88.8%
Green
88.4%
Black
87.3%
Yellow
86.7%
Purple
85.6%
Orange
84.4%
High jump
84.2%
100 metres
83.4%
Germany
81.1%
1500 metres
80.6%
Argentina
80%
110 metres hurdle
79.8%
White
79.7%
Federer
79.2%
Javelin throw
78.6%
Brazil
78.2%
France
77.9%
Bears
77.9%
400 metres
77.7%
Long jump
76.9%
Spain
76.5%
England
76.5%
Bulls
76.5%
Cubs
75.8%
Italy
74.3%
White Sox
73.8%
Discus throw
72.9%
% Correct
Williams
72%
Blue Jays
72%
Blackhawks
71.9%
Northwest
71.9%
Southwest
71.6%
Southeast
71.2%
Pole vault
70.2%
Uruguay
69.1%
Shot put
67.8%
Cardinals
67.4%
Navratilova
66.7%
Atlantic
66.3%
Graf
64.5%
Pacific
64.3%
Central
64.1%
Orioles
63.4%
Manchester United
58.4%
Evert
56.1%
United States
50.2%
Europe
47.4%
Merckx
43.7%
Burgundy
43.3%
Hinault
42.1%
Indurain
34.4%
Anquetil
31.6%
Wills
19.6%
Court
16.1%

You're not logged in!

Compare scores with friends on all Sporcle quizzes.
OR
Log In

You Might Also Like...

Show Comments

Extras

Top Quizzes Today


Score Distribution

Your Account Isn't Verified!

In order to create a playlist on Sporcle, you need to verify the email address you used during registration. Go to your Sporcle Settings to finish the process.

Report this User

Report this user for behavior that violates our Community Guidelines.

Details: